Statistics for Music by Letter - H

Click here to take the quiz!

General Stats

  • This quiz has been taken 18,500 times
    (18,212 since last reset)
  • The average score is 14 of 20

Answer Stats

HintAnswer% Correct
1988 hit "Don't Worry, be _____"Happy
99%
Celine Dion: "My _____ Will Go On"Heart
98%
Last name of guitarist JimiHendrix
97%
Heavenly stringed instrumentHarp
94%
German city where the Beatles residedHamburg
84%
Surname of a Beatles memberHarrison
83%
Song sung by a congregationHymn
81%
1950s rock and roll icon BuddyHolly
78%
#1 hit by Adele released in 2015Hello
77%
Mouth organHarmonica
74%
Pop singer who died in 2012
or a U.S. City
Houston
63%
Leonard Cohen song covered by
Jeff Buckley and many others
Hallelujah
62%
Baroque composer of the "Messiah"Handel
61%
Band that had a 1997 hit with "MMMbop"Hanson
55%
Singer with the 2013 hit
"Take me to Church"
Hozier
55%
2016 Tony Award winning musicalHamilton
53%
City where the Cha-cha-chá originatedHavana
50%
Genre of electric dance music that
you might hear at a rave
House
46%
"Father of the Symphony": Joseph _____Haydn
45%
"Good Morning Baltimore" musicalHairspray
41%

Score Distribution

Percentile by Number Answered

Percent of People with Each Score

Your Score History

You have not taken this quiz since the last reset